Statistiques concernant Sorcière-HOUDI Paroles

Cliquez ici pour prendre le quiz!

Statistiques générales

  • Ce quiz a été pris 11 fois
  • Le résultat moyen est 251 sur 370

Statistiques - réponses

Réponse% Correct
sorcière
100%
c'est
88%
coeur
88%
de
88%
elle
88%
Elle
88%
est
88%
fraiche
88%
la
88%
le
88%
ma
88%
m'a
88%
m'plaire
88%
qu'elle
88%
qu'un
88%
qu'une
88%
sa
88%
sait
88%
va
88%
à
75%
a
75%
bêtises
75%
des
75%
et
75%
fait
75%
goût
75%
houdi
75%
labello
75%
les
75%
mais
75%
par
75%
pas
75%
que
75%
un
75%
une
75%
250
63%
accidenté
63%
balle
63%
bas
63%
béton
63%
bien
63%
ça
63%
confiance
63%
dans
63%
débloqué
63%
dehors
63%
départ
63%
dépensière
63%
dit
63%
donnais
63%
d'son
63%
du
63%
en
63%
fonds
63%
gosses
63%
hood
63%
j'ai
63%
j'connais
63%
j'la
63%
j'l'aimais
63%
kiffe
63%
liberté
63%
l'or
63%
m'fait
63%
mis
63%
mots.
63%
mots
63%
m'voit
63%
on
63%
plafonds
63%
portière
63%
prend
63%
quand
63%
sexe
63%
sorcières
63%
sortir
63%
tête
63%
traceur
63%
trouver
63%
virages
63%
y
63%
y'a
63%
100 g
50%
abuse.
50%
ailes
50%
aime
50%
anniversaire
50%
Asics
50%
avec
50%
belleck
50%
bonhommes
50%
carton
50%
casser
50%
changer
50%
c'que
50%
d'constat
50%
deux
50%
donné
50%
d'puis
50%
entends
50%
faire
50%
faut
50%
grandi
50%
jamais
50%
jette
50%
j'les
50%
j'lui
50%
j'pourrais
50%
j'voyais
50%
ler-par
50%
Louboutins
50%
lui
50%
maille
50%
mal
50%
m'apporter
50%
marier
50%
mélo
50%
met
50%
mon
50%
parler
50%
porte-feuille
50%
pour
50%
Pour
50%
puce
50%
s'construit
50%
six
50%
sorts
50%
soucis
50%
stables
50%
s'tape
50%
sur
50%
track
50%
trop
50%
voulait
50%
comme
38%
d'coeur
38%
d'faiblesses
38%
d'fois
38%
d'jà
38%
homme
38%
j'me
38%
j'peux
38%
j'suis
38%
j'vois
38%
l'ciel
38%
l'froid
38%
l'hôtel
38%
l'tiers
38%
m'voyait
38%
n'est
38%
oh
38%
panthère
38%
porc
38%
proie
38%
ramène
38%
saigne
38%
s'barrer
38%
s'embrouille
38%
s'est
38%
s'venger
38%
t'accompagner
38%
tant
38%
tas
38%
tombé
38%
voyais
38%
brûlés
25%

Distribution des résultats

Percentile par nombre de réponses

% des personnes avec chaque résultat

Votre développement - résultats

Vous n’avez pas pris ce quiz